000 00478cam a2200193ua 4500
020 _c125.00
041 _aeng
_h
082 _a512
_bSUR/MO
100 _aSurjeet, Singh .
245 _aModern algebra /
_cSurjeet Singh.
_hTextual Documents
260 _aNew Delhi :
_bVikas publishing house pvt ltd ,
_c1972.
300 _a511 ; .
365 _a125.00
504 _a
650 _aAlgebra
700 1 _aZameeruddin, Qazi .
942 _cBK
999 _c9160
_d9160